[Event "Lippe Cup-B 08th"]
[Site "Lieme"]
[Date "2011.10.30"]
[Round "4"]
[White "Wangert, Herbert"]
[Black "Kohlgraf, Luca"]
[Result "0-1"]
[WhiteElo "1574"]
[BlackElo "1478"]
[PlyCount "72"]
[EventDate "2011.10.28"]
[EventType "swiss"]
[EventRounds "5"]
[EventCountry "GER"]
[SourceTitle "EXT 2012"]
[Source "ChessBase"]
[SourceDate "2011.11.24"]
[SourceVersion "1"]
[SourceVersionDate "2011.11.24"]
[SourceQuality "1"]

1. Nf3 d5 2. c4 e6 3. g3 Nf6 4. Bg2 Nc6 5. d4 Be7 6. 0-0 0-0 7. a4 dxc4 8. e3 b6 9. Ne5 Nxe5 10. Bxa8 Ned7 11. Bg2 e5 12. Qc2 Ba6 13. Rd1 Qc8 14. Nd2 exd4 15. exd4 c5 16. Nxc4 cxd4 17. Rxd4 Ne5 18. Ne3 Bc5 19. Rd1 Bxe3 20. Qxc8 Bxf2+ 21. Kxf2 Rxc8 22. h3 h6 23. Kg1 Be2 24. Rd2 Nf3+ 25. Bxf3 Bxf3 26. Rf2 Bd5 27. Kh2 Ne4 28. Re2 Nc5 29. Bf4 Nb3 30. Rae1 Rc4 31. Re5 Nd4 32. Re8+ Kh7 33. h4 Nf3+ 34. Kh3 Nxe1 35. Rxe1 Rxa4 36. g4 Rxf4 0-1

[Event "Lippe Cup-B 08th"]
[Site "Lieme"]
[Date "2011.10.29"]
[Round "2"]
[White "Hageresch, Leon"]
[Black "Kohlgraf, Luca"]
[Result "1/2-1/2"]
[WhiteElo "1338"]
[BlackElo "1478"]
[PlyCount "120"]
[EventDate "2011.10.28"]
[EventType "swiss"]
[EventRounds "5"]
[EventCountry "GER"]
[SourceTitle "EXT 2012"]
[Source "ChessBase"]
[SourceDate "2011.11.24"]
[SourceVersion "1"]
[SourceVersionDate "2011.11.24"]
[SourceQuality "1"]

1. d4 d5 2. c4 e6 3. Nc3 Nf6 4. Nf3 c5 5. e3 Be7 6. Be2 0-0 7. 0-0 Nbd7 8. Qb3 dxc4 9. Bxc4 b6 10. e4 cxd4 11. Nxd4 Nc5 12. Nc6 Qc7 13. Nxe7+ Qxe7 14. Qc2 Bb7 15. Bg5 h6 16. Bxf6 Qxf6 17. Rad1 Rad8 18. b4 Rd4 19. Nb5 Rxd1 20. Rxd1 Nxe4 21. Nxa7 Qg5 22. f3 Qe3+ 23. Kf1 Nf6 24. Re1 Qa3 25. Nb5 Qxb4 26. Rb1 Qc5 27. Bd3 Qxc2 28. Bxc2 Nd5 29. Nd6 Bc6 30. Be4 Rd8 31. Nc4 b5 32. Na5 Ne3+ 33. Ke2 Bxe4 34. fxe4 Nd1 35. Kf3 Nc3 36. Rb2 Ra8 37. Rc2 Rxa5 38. Rxc3 Rxa2 39. Rc8+ Kh7 40. Rf8 f6 41. Re8 e5 42. Rb8 Rb2 43. h3 b4 44. g3 b3 45. Kg4 Rb1 46. h4 b2 47. h5 Re1 48. Rxb2 Rxe4+ 49. Kf5 Re1 50. Rb8 Rd1 51. Rb3 Rd8 52. Re3 Re8 53. Re4 Re7 54. g4 Re8 55. Re3 e4 56. Rxe4 Rxe4 57. Kxe4 g6 58. Kf4 gxh5 59. gxh5 Kg7 60. Kg4 Kf7 1/2-1/2

[Event "Lippe Cup-B 07th"]
[Site "Lieme"]
[Date "2010.10.15"]
[Round "1"]
[White "Kohlgraf, Luca"]
[Black "Wiedermann, Uwe"]
[Result "0-1"]
[WhiteElo "1406"]
[BlackElo "1672"]
[PlyCount "108"]
[EventDate "2010.10.15"]
[EventType "swiss"]
[EventRounds "5"]
[EventCountry "GER"]
[SourceTitle "EXT 2012"]
[Source "ChessBase"]
[SourceDate "2011.11.24"]
[SourceVersion "1"]
[SourceVersionDate "2011.11.24"]
[SourceQuality "1"]

1. d4 d5 2. c4 e5 3. dxe5 d4 4. Nf3 Nc6 5. Bf4 Bb4+ 6. Nbd2 Bg4 7. a3 Bxd2+ 8. Nxd2 Nge7 9. Qb3 Rb8 10. e3 0-0 11. Bd3 dxe3 12. Bxe3 Nxe5 13. Bc2 N5c6 14. 0-0 Nd4 15. Bxd4 Qxd4 16. Ne4 Nc6 17. Qc3 Be2 18. Qxd4 Nxd4 19. Rfc1 Nxc2 20. Rxc2 Bd3 21. Nf6+ gxf6 22. Rc3 Bg6 23. Rg3 Kh8 24. b4 Rbd8 25. Re3 Rfe8 26. Rxe8+ Rxe8 27. h3 Re2 28. Rd1 Rc2 29. c5 Rc3 30. Rd7 Rxa3 31. Rxc7 a5 32. Rxb7 axb4 33. Rxb4 Rc3 34. Rb8+ Kg7 35. Rc8 Bf5 36. Rc7 Be6 37. Kh2 f5 38. f3 f4 39. Rc6 Rc2 40. Rc7 Kf6 41. h4 h5 42. Kg1 Ke5 43. Kh1 Kd5 44. Kh2 Rxc5 45. Rxc5+ Kxc5 46. g3 fxg3+ 47. Kxg3 Kd4 48. Kf4 Kd3 49. Ke5 Ke3 50. f4 Kf3 51. f5 Kg4 52. fxe6 fxe6 53. Kxe6 Kxh4 54. Kf5 Kg3 0-1

[Event "Lippe Cup 06th"]
[Site "Lieme"]
[Date "2009.10.17"]
[Round "3"]
[White "Kohlgraf, Luca"]
[Black "Reineke, Timon"]
[Result "0-1"]
[WhiteElo "1029"]
[BlackElo "1218"]
[PlyCount "94"]
[EventDate "2009.10.16"]
[EventType "swiss"]
[EventRounds "5"]
[EventCountry "GER"]
[SourceTitle "EXT 2013"]
[Source "ChessBase"]
[SourceDate "2012.11.22"]
[SourceVersion "1"]
[SourceVersionDate "2012.11.22"]
[SourceQuality "1"]

1. d4 c5 2. d5 Nf6 3. Nc3 e6 4. e4 exd5 5. exd5 g6 6. Nf3 Bg7 7. Be3 d6 8. Bb5+ Nbd7 9. 0-0 0-0 10. Qd2 Ng4 11. Bf4 Nde5 12. Be2 Re8 13. h3 Nxf3+ 14. Bxf3 Ne5 15. Be2 Bf5 16. g4 Bd7 17. Bh6 Bh8 18. Ne4 Bb5 19. f3 Bxe2 20. Qxe2 Qh4 21. Qe3 Nxf3+ 22. Rxf3 Bd4 23. Nf6+ Bxf6 24. Qf4 Re1+ 25. Rxe1 Qxe1+ 26. Rf1 Bd4+ 27. Kh1 Qe7 28. b3 Re8 29. Qg3 g5 30. Qf3 f6 31. Qg3 Qe4+ 32. Qg2 Qg6 33. Qg3 Be5 34. Qd3 Qxh6 35. Kg2 Qg6 36. Qc4 b5 37. Qxb5 Qe4+ 38. Rf3 Rf8 39. c4 f5 40. gxf5 Rxf5 41. Qe8+ Kg7 42. Qd7+ Kg6 43. Qe8+ Kh6 44. Qe6+ Rf6 45. Qg4 Qe2+ 46. Rf2 Qxf2+ 47. Kh1 Qh2# 0-1

[Event "Lippe Cup 06th"]
[Site "Lieme"]
[Date "2009.10.16"]
[Round "1"]
[White "Kohlgraf, Luca"]
[Black "Hofschlag, Dirk"]
[Result "0-1"]
[WhiteElo "1029"]
[BlackElo "1537"]
[PlyCount "116"]
[EventDate "2009.10.16"]
[EventType "swiss"]
[EventRounds "5"]
[EventCountry "GER"]
[SourceTitle "EXT 2013"]
[Source "ChessBase"]
[SourceDate "2012.11.22"]
[SourceVersion "1"]
[SourceVersionDate "2012.11.22"]
[SourceQuality "1"]

1. d4 d6 2. c4 c6 3. Nc3 Be6 4. e3 f6 5. Nf3 Bf7 6. Be2 g6 7. 0-0 Bh6 8. e4 Bxc1 9. Rxc1 e5 10. dxe5 fxe5 11. Qd2 Nf6 12. Ng5 a6 13. Nxf7 Kxf7 14. Rfd1 Ke7 15. a3 b6 16. b4 Qc7 17. a4 a5 18. b5 c5 19. Nd5+ Nxd5 20. Qxd5 Ra7 21. Bg4 Rd8 22. Qe6+ Kf8 23. Qf6+ Ke8 24. Qh8+ Kf7 25. Qxh7+ Kf6 26. Qh4+ Kg7 27. Qg3 Rf8 28. Bh5 Rf6 29. Rf1 Qf7 30. Be2 Nd7 31. Rc2 Nf8 32. Rd2 Rd7 33. Rd3 Qxc4 34. Ra1 Qxe4 35. Bh5 Qf4 36. Qxf4 Rxf4 37. Be2 Ne6 38. g3 Rd4 39. Rxd4 Nxd4 40. Bg4 Rc7 41. Ra3 Kf6 42. Bf3 c4 43. Rc3 g5 44. h4 gxh4 45. gxh4 Nxf3+ 46. Rxf3+ Ke6 47. Kf1 c3 48. Re3 c2 49. Re1 c1Q 50. Rxc1 Rxc1+ 51. Ke2 d5 52. h5 e4 53. h6 d4 54. f3 e3 55. h7 Rh1 56. Kd3 Kd5 57. f4 Rh2 58. h8Q Rd2# 0-1